[Event "Toulouse Petit Capitole op"]
[Site "Toulouse"]
[Date "2015.05.31"]
[Round "4"]
[White "Rocheblanc, Irman"]
[Black "Dijon, Frederic"]
[Result "0-1"]
[WhiteElo "1648"]
[BlackElo "2013"]
[PlyCount "50"]
[EventDate "2015.05.30"]
[EventType "swiss"]
[EventRounds "6"]
[EventCountry "FRA"]
[SourceTitle "EXT 2016"]
[Source "ChessBase"]
[SourceDate "2015.10.08"]
[SourceVersion "1"]
[SourceVersionDate "2015.10.08"]
[SourceQuality "1"]

1. e4 Nc6 2. d4 d5 3. e5 Bf5 4. Bb5 Qd7 5. Ne2 h5 6. Bf4 a6 7. Ba4 f6 8. c3 g5 9. Be3 Nh6 10. Bxc6 Qxc6 11. Ng3 0-0-0 12. Qxh5 Bg4 13. Qg6 Rg8 14. Qd3 Be6 15. h4 Ng4 16. h5 fxe5 17. dxe5 Nxe5 18. Qe2 d4 19. Bxd4 Nf7 20. Nd2 Nh6 21. 0-0-0 Rxd4 22. Nf3 Rxd1+ 23. Rxd1 Bxa2 24. Nxg5 Rxg5 25. Qe3 Rc5 0-1